| 000 | 00546nam a22001937a 4500 | ||
|---|---|---|---|
| 999 |
_c6469 _d6469 |
||
| 003 | GBCCL | ||
| 005 | 20241126110604.0 | ||
| 008 | 180515b ||||| |||| 00| 0 eng d | ||
| 020 | _a0892740221 | ||
| 040 | _cgbc | ||
| 082 |
_a248 _bBAS |
||
| 100 |
_aBasansky, Bill _96566 |
||
| 245 |
_aBattle in the mind / _cBill Basansky |
||
| 260 |
_aFlorida: _bLove and Grace Fellowship, _c1976 |
||
| 300 |
_a28 p.; _c21 cm. |
||
| 650 |
_aSelf _vReligious aspects _xChristianity _911581 |
||
| 650 |
_aThought and thinking in the Bible _911582 |
||
| 942 |
_2ddc _cBK |
||